[Event "GER-ch Rapid 49th"]
[Site "Dinkelsbuehl"]
[Date "2023.11.12"]
[Round "9"]
[White "Langheinrich, Ferenc"]
[Black "Harff, Marcel"]
[Result "1/2-1/2"]
[WhiteElo "2352"]
[BlackElo "2293"]
[PlyCount "24"]
[EventDate "2023.11.11"]
[EventType "swiss (rapid)"]
[EventRounds "9"]
[EventCountry "GER"]
[SourceTitle "CB46_2023"]
[SourceDate "2023.11.15"]
[SourceVersion "1"]
[SourceVersionDate "2023.11.15"]
[SourceQuality "1"]

1. e4 e6 2. b3 d5 3. Bb2 c5 4. exd5 exd5 5. Bb5+ Bd7 6. Qe2+ Qe7 7. Qxe7+ Nxe7 8. Bxd7+ Kxd7 9. Ne2 Nbc6 10. Nbc3 Re8 11. 0-0-0 d4 12. Ne4 Nf5 1/2-1/2

[Event "GER-ch Rapid 49th"]
[Site "Dinkelsbuehl"]
[Date "2023.11.11"]
[Round "4"]
[White "Harff, Marcel"]
[Black "Langrock, Hannes"]
[Result "1/2-1/2"]
[WhiteElo "2293"]
[BlackElo "2364"]
[PlyCount "35"]
[EventDate "2023.11.11"]
[EventType "swiss (rapid)"]
[EventRounds "9"]
[EventCountry "GER"]
[SourceTitle "CB46_2023"]
[SourceDate "2023.11.15"]
[SourceVersion "1"]
[SourceVersionDate "2023.11.15"]
[SourceQuality "1"]

1. c4 e6 2. Nf3 d5 3. g3 Nf6 4. Bg2 dxc4 5. Qa4+ Bd7 6. Qxc4 c5 7. Ne5 Qc8 8. Nc3 Nc6 9. Nxd7 Qxd7 10. 0-0 Be7 11. d3 Rc8 12. Be3 0-0 13. Qa4 Rfd8 14. Rfc1 b6 15. h3 h5 16. Rab1 Nd4 17. Qxd7 Rxd7 18. Kf1 1/2-1/2

[Event "EU-Cup 38th"]
[Site "Durres"]
[Date "2023.10.05"]
[Round "5.4"]
[White "Pezelj, Novak"]
[Black "Harff, Marcel"]
[Result "1-0"]
[WhiteElo "2476"]
[BlackElo "2295"]
[PlyCount "65"]
[EventDate "2023.10.01"]
[EventType "team-swiss"]
[EventRounds "7"]
[EventCountry "ALB"]
[SourceTitle "EXT 2024"]
[Source "ChessBase"]
[SourceDate "2023.10.10"]
[SourceVersion "1"]
[SourceVersionDate "2023.10.10"]
[SourceQuality "1"]
[WhiteTeam "Zmaj"]
[BlackTeam "KSK Rochade"]
[WhiteTeamCountry "SRB"]
[BlackTeamCountry "BEL"]

1. d4 Nf6 2. c4 e6 3. Nf3 b6 4. g3 Bb7 5. Bg2 Be7 6. 0-0 0-0 7. Nc3 Ne4 8. Qc2 Nxc3 9. Qxc3 Be4 10. Rd1 c6 11. Bf1 d5 12. Bf4 Nd7 13. cxd5 cxd5 14. Rac1 Bxf3 15. exf3 a6 16. Qc6 Ra7 17. Bc7 Qc8 18. Bf4 Qxc6 19. Rxc6 g5 20. Be3 Rb8 21. f4 h6 22. f5 Nf8 23. fxe6 fxe6 24. Bh3 Kf7 25. f4 Bf6 26. Rf1 Kg7 27. fxg5 hxg5 28. Bxe6 Re7 29. Bxd5 Nh7 30. Be6 Rbe8 31. d5 Nf8 32. Rxf6 Kxf6 33. Bd4+ 1-0

[Event "BL2-West 2223"]
[Site "Germany"]
[Date "2023.02.26"]
[Round "8.7"]
[White "Harff, Marcel"]
[Black "Dolzhikova, Kateryna"]
[Result "0-1"]
[WhiteElo "2327"]
[BlackElo "2204"]
[PlyCount "66"]
[EventDate "2022.10.22"]
[EventType "team-tourn"]
[EventRounds "10"]
[EventCountry "GER"]
[SourceTitle "EXT 2024"]
[Source "ChessBase"]
[SourceDate "2023.10.10"]
[SourceVersion "1"]
[SourceVersionDate "2023.10.10"]
[SourceQuality "1"]
[WhiteTeam "Duesseldorf"]
[BlackTeam "Oberursel"]
[WhiteTeamCountry "GER"]
[BlackTeamCountry "GER"]

1. c4 b6 2. Nc3 Bb7 3. e4 e5 4. d3 Bc5 5. Nf3 Nc6 6. Be2 Nge7 7. a3 a5 8. 0-0 0-0 9. Nd5 d6 10. Rb1 Nd4 11. Be3 Nxf3+ 12. Bxf3 a4 13. Nc3 Qd7 14. Bg4 f5 15. Bh3 Qe8 16. Nd5 Nxd5 17. cxd5 f4 18. Be6+ Kh8 19. Bxc5 bxc5 20. f3 Qb5 21. b4 Ba6 22. Rf2 Rfb8 23. Rd2 cxb4 24. axb4 a3 25. g3 Qb6+ 26. Kg2 fxg3 27. hxg3 Qd4 28. Qb3 Qe3 29. Qc3 Rf8 30. Bg4 Bc8 31. Bxc8 Qxf3+ 32. Kh2 Raxc8 33. Qxa3 Rf6 0-1

[Event "BEL-chT 2223"]
[Site "Belgium"]
[Date "2022.12.04"]
[Round "5.4"]
[White "Harff, Marcel"]
[Black "Van Volsem, Merlijn"]
[Result "1-0"]
[WhiteElo "2325"]
[BlackElo "2116"]
[PlyCount "71"]
[EventDate "2022.09.25"]
[EventType "team-tourn"]
[EventRounds "11"]
[EventCountry "BEL"]
[SourceTitle "CBM 213 Extra"]
[Source "ChessBase"]
[SourceDate "2023.05.31"]
[SourceVersion "1"]
[SourceVersionDate "2023.05.31"]
[SourceQuality "1"]
[WhiteTeam "Eupen Rochade"]
[BlackTeam "KGSRL"]
[WhiteTeamCountry "BEL"]
[BlackTeamCountry "BEL"]

1. c4 Nf6 2. Nf3 e6 3. Nc3 Bb4 4. Qc2 0-0 5. a3 Bxc3 6. Qxc3 d5 7. e3 c5 8. b4 Nbd7 9. Be2 b6 10. Bb2 Bb7 11. d3 Re8 12. Ne5 Rc8 13. 0-0 Qc7 14. Nxd7 Qxd7 15. Qe5 Red8 16. Rfc1 d4 17. exd4 cxd4 18. Rc2 Ne8 19. Bg4 Qd6 20. Qxd6 Rxd6 21. Rac1 f5 22. Bd1 Nf6 23. c5 bxc5 24. Rxc5 Rxc5 25. Rxc5 Ba6 26. b5 Nd7 27. Rc6 Rxc6 28. bxc6 Ne5 29. c7 Kf7 30. Bxd4 Nc6 31. Bc3 Ke7 32. Bxg7 Kd7 33. Bb3 Bc8 34. f4 Kxc7 35. Kf2 Kd7 36. d4 1-0

[Event "BEL-chT 2223"]
[Site "Belgium"]
[Date "2022.11.20"]
[Round "4.5"]
[White "Harff, Marcel"]
[Black "Matnadze, Ana"]
[Result "0-1"]
[WhiteElo "2325"]
[BlackElo "2391"]
[PlyCount "118"]
[EventDate "2022.09.25"]
[EventType "team-tourn"]
[EventRounds "11"]
[EventCountry "BEL"]
[SourceTitle "CBM 213 Extra"]
[Source "ChessBase"]
[SourceDate "2023.05.31"]
[SourceVersion "1"]
[SourceVersionDate "2023.05.31"]
[SourceQuality "1"]
[WhiteTeam "Eupen Rochade"]
[BlackTeam "Wachtebeke"]
[WhiteTeamCountry "BEL"]
[BlackTeamCountry "BEL"]

1. c4 e5 2. Nc3 Nc6 3. e3 g6 4. a3 Bg7 5. g3 d6 6. Bg2 Be6 7. Nd5 Qd7 8. d3 Nd8 9. Nf3 c6 10. Nc3 h6 11. 0-0 Ne7 12. Qe2 0-0 13. d4 Bh3 14. Rd1 Bxg2 15. Kxg2 exd4 16. Nxd4 Ne6 17. Nf3 Rad8 18. Bd2 Rfe8 19. Be1 Nf5 20. Qc2 Ng5 21. Nxg5 hxg5 22. Rd3 Qe6 23. b3 d5 24. Rad1 d4 25. Kg1 Bf6 26. Na4 b6 27. Nb2 dxe3 28. Rxd8 Rxd8 29. Rxd8+ Bxd8 30. fxe3 Nxe3 31. Qd3 Bf6 32. Bd2 Ng4 33. Nd1 Ne5 34. Qe2 g4 35. Kg2 Qf5 36. Bc3 Nd7 37. Bxf6 Nxf6 38. Nf2 Kg7 39. Qb2 Qf3+ 40. Kg1 Kg8 41. Qe5 Nd7 42. Qd4 Nf6 43. Qe5 Qf5 44. Qb8+ Kg7 45. b4 Qb1+ 46. Kg2 Qb2 47. Qf4 Qxa3 48. Nxg4 Nxg4 49. Qxg4 Qb2+ 50. Kh3 a5 51. c5 bxc5 52. bxa5 Qa1 53. Qe4 Qxa5 54. Qxc6 Qc3 55. Kg4 Qe3 56. Qc7 Qe2+ 57. Kh3 Qf1+ 58. Kh4 c4 59. Qc5 Qf5 0-1

[Event "Krefeld op"]
[Site "Krefeld"]
[Date "2022.08.08"]
[Round "8"]
[White "Finke, Dominik"]
[Black "Harff, Marcel"]
[Result "0-1"]
[WhiteElo "2077"]
[BlackElo "2329"]
[PlyCount "68"]
[EventDate "2022.08.04"]
[EventType "swiss"]
[EventRounds "9"]
[EventCountry "GER"]
[SourceTitle "CBM 209 Extra"]
[Source "ChessBase"]
[SourceDate "2022.09.30"]
[SourceVersion "1"]
[SourceVersionDate "2022.09.30"]
[SourceQuality "1"]

1. e4 e6 2. d4 d5 3. Nc3 Bb4 4. e5 c5 5. a3 Bxc3+ 6. bxc3 Qc7 7. Qg4 f5 8. Qh5+ Qf7 9. Qxf7+ Kxf7 10. Nf3 cxd4 11. cxd4 h6 12. Rb1 Ne7 13. a4 Nbc6 14. Ba3 b6 15. Bb5 Bb7 16. 0-0 Rhc8 17. Rfc1 g5 18. c3 Na5 19. Nd2 Bc6 20. c4 dxc4 21. Nxc4 Nxc4 22. Rxc4 Bxb5 23. Rxc8 Rxc8 24. axb5 Nd5 25. h3 Rc4 26. Bd6 Nc3 27. Rb2 Rxd4 28. Rb3 Ne2+ 29. Kh2 Ra4 30. Rd3 h5 31. Bb8 Ke7 32. g3 g4 33. hxg4 hxg4 34. Kg2 f4 0-1

[Event "Krefeld op"]
[Site "Krefeld"]
[Date "2022.08.07"]
[Round "7"]
[White "Harff, Marcel"]
[Black "Schouten, Jordy"]
[Result "1-0"]
[WhiteElo "2329"]
[BlackElo "2126"]
[PlyCount "47"]
[EventDate "2022.08.04"]
[EventType "swiss"]
[EventRounds "9"]
[EventCountry "GER"]
[SourceTitle "CBM 209 Extra"]
[Source "ChessBase"]
[SourceDate "2022.09.30"]
[SourceVersion "1"]
[SourceVersionDate "2022.09.30"]
[SourceQuality "1"]

1. c4 g6 2. h4 Nf6 3. Nc3 d5 4. cxd5 Nxd5 5. Nf3 h5 6. Qb3 Nb6 7. Ng5 e6 8. e3 Bg7 9. a4 0-0 10. a5 N6d7 11. Be2 Nc5 12. Qc4 b6 13. b4 Ba6 14. b5 Bb7 15. d4 Bxg2 16. Rg1 Bd5 17. Nxd5 Qxd5 18. Qc2 Nbd7 19. Rb1 Rac8 20. dxc5 Nxc5 21. Ba3 Rfd8 22. Bxc5 bxc5 23. Nxf7 Rf8 24. Bc4 1-0

[Event "Krefeld op"]
[Site "Krefeld"]
[Date "2022.08.06"]
[Round "5"]
[White "Harff, Marcel"]
[Black "Scholtes, Benedikt"]
[Result "1/2-1/2"]
[WhiteElo "2329"]
[BlackElo "2058"]
[PlyCount "83"]
[EventDate "2022.08.04"]
[EventType "swiss"]
[EventRounds "9"]
[EventCountry "GER"]
[SourceTitle "CBM 209 Extra"]
[Source "ChessBase"]
[SourceDate "2022.09.30"]
[SourceVersion "1"]
[SourceVersionDate "2022.09.30"]
[SourceQuality "1"]

1. c4 f5 2. g3 Nf6 3. Bg2 g6 4. b4 Bg7 5. Bb2 0-0 6. Qb3 d6 7. d4 Qe8 8. Nf3 h6 9. Na3 c6 10. c5+ d5 11. Ne5 Nbd7 12. Nd3 a6 13. Nc2 Ne4 14. f3 Ng5 15. h4 Nh7 16. 0-0-0 Kh8 17. Ne5 Nhf6 18. Ne1 Nxe5 19. dxe5 Nd7 20. Nd3 e6 21. e4 Qe7 22. Nf4 Kh7 23. h5 gxh5 24. exd5 cxd5 25. Rde1 a5 26. a3 axb4 27. axb4 Nb8 28. Nxh5 Nc6 29. Rh4 b6 30. cxb6 Ba6 31. Nxg7 Kxg7 32. Reh1 Rh8 33. Qe3 Nxb4 34. Rxh6 Nd3+ 35. Kb1 f4 36. Rxh8 Rxh8 37. Qd4 Rxh1+ 38. Bxh1 fxg3 39. Qa4 Qb4 40. Qd7+ Kh8 41. Qd8+ Kh7 42. Qd7+ 1/2-1/2

[Event "Hilversum op"]
[Site "Hilversum"]
[Date "2022.06.17"]
[Round "1"]
[White "Markus, John Raymond"]
[Black "Harff, Marcel"]
[Result "0-1"]
[WhiteElo "2019"]
[BlackElo "2329"]
[PlyCount "86"]
[EventDate "2022.06.17"]
[EventType "swiss"]
[EventRounds "6"]
[EventCountry "NED"]
[SourceTitle "CBM 208 Extra"]
[Source "ChessBase"]
[SourceDate "2022.07.31"]
[SourceVersion "1"]
[SourceVersionDate "2022.07.31"]
[SourceQuality "1"]

1. d4 Nf6 2. Nf3 e6 3. Bg5 c5 4. e3 Qb6 5. Bxf6 gxf6 6. Nbd2 cxd4 7. exd4 Qxb2 8. Bd3 Nc6 9. 0-0 Nb4 10. Rb1 Qa3 11. Bc4 d5 12. Bb5+ Kd8 13. c3 a6 14. Be2 Qxc3 15. Qa4 Bd7 16. Qa5+ Qc7 17. Qa3 Nc6 18. Qb2 Rb8 19. Nb3 Bd6 20. Rfc1 Ke7 21. Nc5 Bxc5 22. Rxc5 Qd6 23. Qb6 Rhc8 24. Kf1 Nd8 25. Qxd6+ Kxd6 26. Rb6+ Rc6 27. Rcxc6+ Nxc6 28. Ke1 h6 29. Kd2 e5 30. dxe5+ fxe5 31. g3 Kc5 32. Rb1 b5 33. a3 a5 34. Rc1+ Kd6 35. Rb1 b4 36. axb4 Rxb4 37. Rxb4 axb4 38. Ne1 Nd4 39. Bd1 Bb5 40. f4 e4 41. g4 Ne6 42. f5 Nd4 43. Ng2 Nf3+ 0-1

[Event "BEL-chT 2122"]
[Site "Belgium"]
[Date "2022.04.24"]
[Round "11.4"]
[White "Michalczak, Thomas"]
[Black "Harff, Marcel"]
[Result "1/2-1/2"]
[WhiteElo "2227"]
[BlackElo "2357"]
[PlyCount "30"]
[EventDate "2021.10.24"]
[EventType "team-tourn"]
[EventRounds "11"]
[EventCountry "BEL"]
[SourceTitle "EXT 2023"]
[Source "ChessBase"]
[SourceDate "2022.10.05"]
[SourceVersion "1"]
[SourceVersionDate "2022.10.05"]
[SourceQuality "1"]
[WhiteTeam "KSK47 Eynatten"]
[BlackTeam "KSK Rochade"]
[WhiteTeamCountry "BEL"]
[BlackTeamCountry "BEL"]

1. e4 e6 2. d4 d5 3. Nc3 dxe4 4. Nxe4 Nd7 5. Nf3 Be7 6. Bd3 Ngf6 7. Nxf6+ Nxf6 8. Bg5 c5 9. 0-0 cxd4 10. Bb5+ Bd7 11. Bxd7+ Qxd7 12. Qxd4 Qxd4 13. Nxd4 Rc8 14. Rfe1 h6 15. Bd2 0-0 1/2-1/2

[Event "Bundesliga 2122"]
[Site "Germany"]
[Date "2022.04.10"]
[Round "4.3"]
[White "Bacrot, Etienne"]
[Black "Harff, Marcel"]
[Result "1-0"]
[WhiteElo "2635"]
[BlackElo "2359"]
[PlyCount "51"]
[EventDate "2022.03.05"]
[EventType "team-tourn"]
[EventRounds "15"]
[EventCountry "GER"]
[SourceTitle "EXT 2023"]
[Source "ChessBase"]
[SourceDate "2022.10.05"]
[SourceVersion "1"]
[SourceVersionDate "2022.10.05"]
[SourceQuality "1"]
[WhiteTeam "Baden-Baden"]
[BlackTeam "Duesseldorf"]
[WhiteTeamCountry "GER"]
[BlackTeamCountry "GER"]

1. e4 e6 2. d4 d5 3. e5 c5 4. c3 Nc6 5. Nf3 Bd7 6. Be2 Qb6 7. 0-0 cxd4 8. cxd4 Nh6 9. Bxh6 gxh6 10. Qd2 Bg7 11. Nc3 Ne7 12. Bd3 0-0 13. Rae1 Rfc8 14. h4 Ng6 15. h5 Nf8 16. Nd1 a5 17. a3 Bb5 18. Bxb5 Qxb5 19. Ne3 Rc7 20. Ng4 Nd7 21. Nxh6+ Bxh6 22. Qxh6 Qxb2 23. Ng5 Nf8 24. Qf6 h6 25. Re3 hxg5 26. h6 1-0

[Event "BEL-chT 2122"]
[Site "Belgium"]
[Date "2022.02.13"]
[Round "7.7"]
[White "Harff, Marcel"]
[Black "Roeder, Mathias"]
[Result "1/2-1/2"]
[WhiteElo "2357"]
[BlackElo "2384"]
[PlyCount "31"]
[EventDate "2021.10.24"]
[EventType "team-tourn"]
[EventRounds "11"]
[EventCountry "BEL"]
[SourceTitle "EXT 2023"]
[Source "ChessBase"]
[SourceDate "2022.10.05"]
[SourceVersion "1"]
[SourceVersionDate "2022.10.05"]
[SourceQuality "1"]
[WhiteTeam "KSK Rochade"]
[BlackTeam "Wirtzfeld"]
[WhiteTeamCountry "BEL"]
[BlackTeamCountry "BEL"]

1. c4 Nf6 2. Nf3 c5 3. d4 cxd4 4. Nxd4 Nc6 5. Nc3 e6 6. a3 Be7 7. g3 Qb6 8. e3 d5 9. cxd5 Nxd5 10. Nxd5 exd5 11. Bg2 Nxd4 12. Qxd4 Qxd4 13. exd4 Be6 14. Be3 Rc8 15. Kd2 Kd7 16. Rhc1 1/2-1/2

[Event "Roquetas de Mar op 31st"]
[Site "Roquetas de Mar"]
[Date "2020.01.03"]
[Round "3"]
[White "Pridorozhni, Aleksei"]
[Black "Harff, Marcel"]
[Result "1-0"]
[WhiteElo "2601"]
[BlackElo "2369"]
[PlyCount "101"]
[EventDate "2020.01.02"]
[EventType "swiss"]
[EventRounds "9"]
[EventCountry "ESP"]
[SourceTitle "CBM 194 Extra"]
[Source "ChessBase"]
[SourceDate "2020.03.31"]
[SourceVersion "1"]
[SourceVersionDate "2020.03.31"]
[SourceQuality "1"]

1. e4 e6 2. d4 d5 3. Nd2 c5 4. Ngf3 Nf6 5. e5 Nfd7 6. c3 Nc6 7. Bd3 Be7 8. 0-0 g5 9. Bb5 g4 10. Ne1 h5 11. Nb3 Qb6 12. Ba4 cxd4 13. cxd4 Qa6 14. Bxc6 bxc6 15. Nd3 Qb6 16. Be3 Ba6 17. Qc2 Bxd3 18. Qxd3 a5 19. Rfc1 a4 20. Nd2 Qa6 21. Qc3 Rc8 22. b4 Qb5 23. a3 Nb6 24. Rf1 Rg8 25. f4 gxf3 26. Rxf3 Qe2 27. Rf2 Qg4 28. Qd3 Bh4 29. Re2 Rc7 30. Rf1 Bg5 31. Bxg5 Qxg5 32. Rf3 h4 33. h3 Nc8 34. Nf1 Na7 35. Ne3 Nb5 36. Ng4 Rg6 37. Rc2 Kf8 38. Kh2 Rg7 39. Qd1 Qg6 40. Rcf2 Qe4 41. Rf4 Qg6 42. Rf6 Qg5 43. Qxa4 Rg6 44. Qa8+ Kg7 45. Qe8 Rxf6 46. Nxf6 Qg6 47. Qg8+ Kh6 48. Ng4+ Kg5 49. Qd8+ Kh5 50. Qh8+ Kg5 51. Rf6 1-0

[Event "Heraklion Capablanca Memorial 6th"]
[Site "Heraklion"]
[Date "2019.05.02"]
[Round "4"]
[White "Demuth, Adrien"]
[Black "Harff, Marcel"]
[Result "1-0"]
[WhiteElo "2512"]
[BlackElo "2412"]
[PlyCount "37"]
[EventDate "2019.04.29"]
[EventType "tourn"]
[EventRounds "9"]
[EventCountry "GRE"]
[EventCategory "7"]
[SourceTitle "CBM 190 Extra"]
[Source "ChessBase"]
[SourceDate "2019.07.15"]
[SourceVersion "1"]
[SourceVersionDate "2019.07.15"]
[SourceQuality "1"]

1. Nf3 d5 2. g3 Nf6 3. Bg2 c5 4. 0-0 Nc6 5. d4 e6 6. c4 dxc4 7. dxc5 Bd7 8. Nbd2 Bxc5 9. Nxc4 Qe7 10. Nfe5 Rc8 11. Nd3 0-0 12. Nxc5 Qxc5 13. Nd6 Rb8 14. Bf4 e5 15. Bg5 Bg4 16. Rc1 Qd4 17. Bxf6 gxf6 18. Rc4 Bxe2 19. Rxd4 1-0

[Event "Heraklion Capablanca Memorial 6th"]
[Site "Heraklion"]
[Date "2019.04.30"]
[Round "2"]
[White "Szwed, Jacek"]
[Black "Harff, Marcel"]
[Result "1/2-1/2"]
[WhiteElo "2387"]
[BlackElo "2412"]
[PlyCount "89"]
[EventDate "2019.04.29"]
[EventType "tourn"]
[EventRounds "9"]
[EventCountry "GRE"]
[EventCategory "7"]
[SourceTitle "CBM 190 Extra"]
[Source "ChessBase"]
[SourceDate "2019.07.15"]
[SourceVersion "1"]
[SourceVersionDate "2019.07.15"]
[SourceQuality "1"]

1. e4 c5 2. Nf3 Nc6 3. d4 cxd4 4. Nxd4 d5 5. Nxc6 bxc6 6. exd5 Qxd5 7. Nc3 Qxd1+ 8. Nxd1 e5 9. Ne3 Bd6 10. Nc4 Bc7 11. Be3 Nf6 12. Bc5 Nd5 13. Nd6+ Bxd6 14. Bxd6 f6 15. 0-0-0 Bg4 16. Rd2 Kd7 17. Bc5 Kc7 18. Ba6 Rhd8 19. f3 Bc8 20. Bxc8 Rdxc8 21. Rhd1 Kb7 22. Rd3 Rc7 23. g3 Re8 24. c4 Nb6 25. b3 Rcc8 26. Rd6 h5 27. Kc2 Rc7 28. Rd8 Rc8 29. Bxb6 Kxb6 30. Rxc8 Rxc8 31. Rd7 Rc7 32. c5+ Kb7 33. Rxc7+ Kxc7 34. g4 hxg4 35. fxg4 g5 36. Kd3 a5 37. a4 Kd7 38. Kc3 Ke6 39. Kc4 Kd7 40. Kd3 Ke6 41. Ke4 Kd7 42. Kd3 Ke6 43. Ke4 Kd7 44. Kd3 Ke6 45. Ke4 1/2-1/2

[Event "Bundesliga 1819"]
[Site "Germany"]
[Date "2019.04.06"]
[Round "14.5"]
[White "Keymer, Vincent"]
[Black "Harff, Marcel"]
[Result "1-0"]
[WhiteElo "2502"]
[BlackElo "2411"]
[PlyCount "53"]
[EventDate "2018.11.10"]
[EventType "team-tourn"]
[EventRounds "15"]
[EventCountry "GER"]
[SourceTitle "CBM 189 Extra"]
[Source "ChessBase"]
[SourceDate "2019.06.03"]
[SourceVersion "1"]
[SourceVersionDate "2019.06.03"]
[SourceQuality "1"]
[WhiteTeam "Deizisau"]
[BlackTeam "Duesseldorf"]
[WhiteTeamCountry "GER"]
[BlackTeamCountry "GER"]

1. d4 Nf6 2. c4 e6 3. Nf3 b6 4. g3 Ba6 5. Nbd2 d5 6. Bg2 Bd6 7. Ne5 0-0 8. 0-0 c5 9. cxd5 exd5 10. Ndf3 h6 11. b3 Bb7 12. Bb2 Ne4 13. Nh4 Qc8 14. dxc5 Bxc5 15. Rc1 Na6 16. Nd3 Qd7 17. Nxc5 Naxc5 18. b4 Na4 19. Bxg7 Kxg7 20. Bxe4 Kg8 21. Bf5 Qb5 22. Qd4 Qxe2 23. Bc2 b5 24. Rfe1 Qh5 25. Re5 f5 26. Nxf5 Qh3 27. Re7 1-0

[Event "BEL-chT 1819"]
[Site "Belgium"]
[Date "2019.02.24"]
[Round "8.4"]
[White "Harff, Marcel"]
[Black "Matnadze, Ana"]
[Result "1-0"]
[WhiteElo "2416"]
[BlackElo "2362"]
[PlyCount "83"]
[EventDate "2018.09.30"]
[EventType "team-tourn"]
[EventRounds "11"]
[EventCountry "BEL"]
[SourceTitle "CBM 189 Extra"]
[Source "ChessBase"]
[SourceDate "2019.06.03"]
[SourceVersion "1"]
[SourceVersionDate "2019.06.03"]
[SourceQuality "1"]
[WhiteTeam "KSK Rochade"]
[BlackTeam "Wachtebeke"]
[WhiteTeamCountry "BEL"]
[BlackTeamCountry "BEL"]

1. c4 Nf6 2. g3 e6 3. Bg2 d5 4. Nf3 Be7 5. b3 0-0 6. Bb2 b6 7. 0-0 Bb7 8. d4 Nbd7 9. Nbd2 c5 10. Rc1 Rc8 11. e3 Rc7 12. Qe2 dxc4 13. Nxc4 cxd4 14. Nxd4 Bxg2 15. Kxg2 a6 16. Kg1 b5 17. Nd2 Nc5 18. Rfd1 Qc8 19. Rc2 e5 20. N4f3 Ncd7 21. Rxc7 Qxc7 22. Rc1 Qd6 23. Qd1 Qd5 24. e4 Qe6 25. Qc2 Bc5 26. Ne1 Ng4 27. Nd3 Qf6 28. Nf1 Bb6 29. h3 Nh6 30. Kg2 Re8 31. Nb4 Qg6 32. Nd5 Bd4 33. Ba3 Qg5 34. Qc6 Qd8 35. Nc7 f5 36. Nxe8 Qxe8 37. Qd5+ Nf7 38. exf5 h6 39. Rc7 Nf6 40. Qe6 Qa8+ 41. f3 Qd5 42. Rxf7 1-0

[Event "NRW Class2 1819"]
[Site "Germany"]
[Date "2019.01.13"]
[Round "5.1"]
[White "Scheider, Julian"]
[Black "Harff, Marcel"]
[Result "1/2-1/2"]
[WhiteElo "2320"]
[BlackElo "2389"]
[PlyCount "44"]
[EventDate "2018.09.16"]
[EventType "team-tourn"]
[EventRounds "9"]
[EventCountry "GER"]
[SourceTitle "EXT 2022"]
[Source "ChessBase"]
[SourceDate "2021.10.06"]
[SourceVersion "1"]
[SourceVersionDate "2021.10.06"]
[SourceQuality "1"]
[WhiteTeam "Iserlohn Koenigsspringer"]
[BlackTeam "Duesseldorf II"]
[WhiteTeamCountry "GER"]
[BlackTeamCountry "GER"]

1. e4 e6 2. d4 d5 3. Nc3 Bb4 4. Nge2 dxe4 5. a3 Be7 6. Nxe4 Nf6 7. N2g3 Nbd7 8. c3 0-0 9. Bd3 c5 10. Nxc5 Bxc5 11. dxc5 Nxc5 12. Bc2 Qxd1+ 13. Kxd1 Rd8+ 14. Ke1 b6 15. Bg5 Rd5 16. Bxf6 gxf6 17. Rd1 Rxd1+ 18. Kxd1 Bb7 19. f3 f5 20. Kc1 Kf8 21. Rd1 Ke7 22. Re1 Kd6 1/2-1/2